| 000 | 00447nam a2200169Ia 4500 | ||
|---|---|---|---|
| 003 | LK-CoDNM | ||
| 008 | 010623t1918 xxu||||| |||| 00| 1 sin d | ||
| 040 |
_aLK-CoDNM _dLK-CoDNM _eLK-CoDNM |
||
| 041 | _asin | ||
| 080 | _a104 B 20 | ||
| 100 | _aPannavasa Thero,Ahangama. | ||
| 245 | _aඅදත්තාදානාදී නවය | ||
| 246 | _aAdattadanadi Navaya | ||
| 260 |
_bSudarsana _aMadanpe _c1918 |
||
| 300 | _b12p, 21 cm | ||
| 942 | _cBK | ||
| 999 |
_c89468 _d89468 |
||